000 00337 a2200157 4500
001 184150
020 _a
040 _cMagnum
100 _aVieira, Thereza Freire
240 1 0 _aTuti e a pitanga voadora
_lpor
245 1 0 _aTuti e a pitanga voadora
300 _a56
362 0 _a1994
697 _aLITERATURA JUVENIL
942 _cBK
999 _c184150
_d184150